000 00570nam a22002057a 4500
003 URS
005 20220523134701.0
020 _a13-978-1-377-69419-3
040 _bEnglish
_cURS
_erda
050 _aQA 39.3
_bEp71 2020
100 _91436
_aEpp, Susanna S.
_eauthor
245 _aDiscrete mathematics with applications
_cSusanna S. Epp
250 _aFifth edition
264 _aAustralia
_bCengage
_c2020
300 _axxii, 871 pages
504 _aIncludes indexes.
650 0 _99
_aMathematics.
650 0 _91437
_aComputer science
_vMathematics
942 _2lcc
_cFR
999 _c58128
_d58128